| 000 | 00793cam a22002411 4500 | ||
|---|---|---|---|
| 001 | 6316335 | ||
| 003 | ARRUPE | ||
| 005 | 20160211080454.0 | ||
| 008 | 780417s1899 nyucf 000 0aeng | ||
| 010 | _a 99005908 | ||
| 035 | _a(OCoLC)3804793 | ||
| 040 |
_aDLC _cNcGrE _dOCoLC _dDLC |
||
| 042 | _apremarc | ||
| 050 | 0 | 0 |
_aSPC DA565.W5 _bA3 1899 |
| 100 | 1 |
_aWest, Algernon, _cSir, _d1832-1921. _922120 |
|
| 245 | 0 | 0 |
_aRecollections, 1832 to 1886, _cby the Right Honorable Sir Algernon West ... |
| 260 |
_a London, _bSmith, Elder _c1899. |
||
| 300 |
_axiii, 378p. _bfront., plates, ports. _c21 cm. |
||
| 600 |
_aWest, Algernon _922121 |
||
| 651 | 0 |
_aGreat Britain _xPolitics and government _y1837-1901. _922122 |
|
| 906 |
_a7 _bcbc _coclcrpl _du _encip _f18 _gy-gencatlg |
||
| 942 |
_2lcc _cMONOGRAPH |
||
| 999 |
_c124117 _d124117 |
||